000 00324nam a22001337a 4500
008 170320b xxu||||| |||| 00| 0 eng d
020 _a61286
041 _aeng
080 _a616.8
100 _a7
101 _aSHM
245 _aTHE ELECTROPHYSIOLOGY AND LAYOT OF THE AUDITORY NERVOUS SYSTEM
_cHARRIS, J.D
942 _2udc
_cBK
999 _c8127
_d8127